Odvoz a likvidácia odpadu z pohľadu ZDP a DPH
Odpadové hospodárstvo predstavuje súbor činností zameraných na predchádzanie a obmedzovanie vzniku odpadov a znižovanie ich nebezpečnosti pre životné prostredie a na nakladanie s odpadmi v súlade so zákonom č. 79/2015 Z. z. o odpadoch a o zmene a doplnení niektorých zákonov v z. n. p.. Povinnosti po...
Gespeichert in:
| 1. Verfasser: | |
|---|---|
| Format: | Buchkapitel |
| Sprache: | Slowakisch |
| Schlagworte: | |
| Tags: |
Keine Tags, Fügen Sie das erste Tag hinzu!
|
MARC
| LEADER | 00000naa a2200000 4500 | ||
|---|---|---|---|
| 001 | 0300257 | ||
| 005 | 20240503113229.6 | ||
| 041 | 0 | |a slo | |
| 044 | |a SK | ||
| 245 | 1 | 0 | |a Odvoz a likvidácia odpadu z pohľadu ZDP a DPH |c Ján Mintál |
| 520 | |a Odpadové hospodárstvo predstavuje súbor činností zameraných na predchádzanie a obmedzovanie vzniku odpadov a znižovanie ich nebezpečnosti pre životné prostredie a na nakladanie s odpadmi v súlade so zákonom č. 79/2015 Z. z. o odpadoch a o zmene a doplnení niektorých zákonov v z. n. p.. Povinnosti podnikateľov v súvislosti s odpadmi. Daňová uplatniteľnosť nákladov na odvoz a likvidáciu odpadu. Miestny poplatok za komunálne odpady a drobné stavebné odpady. Odvoz a likvidácia odpadu z pohľadu DPH. | ||
| 610 | 2 | 0 | |a hospodárstvo odpadové |
| 610 | 2 | 0 | |a likvidácia odpadu |
| 610 | 2 | 0 | |a dane z príjmov |
| 610 | 2 | 0 | |a dane z hodnoty pridanej |
| 610 | 2 | 0 | |a poplatky miestne |
| 610 | 2 | 0 | |a správa verejná |
| 610 | 2 | 0 | |a zákony |
| 100 | 1 | |a Mintál, Ján | |